Leben und Thaten des Sinnreichen Junkers Don Quijote von der Mancha (Record no. 2593)

MARC details
000 -CABECERA
campo de control de longitud fija 01695nam a2200325 a 4500
001 - NÚMERO DE CONTROL
campo de control BRCA_2854
005 - FECHA Y HORA DE LA ÚLTIMA TRANSACCIÓN
campo de control 20190320204011.0
008 - DATOS DE LONGITUD FIJA--INFORMACIÓN GENERAL
campo de control de longitud fija 101208s1825----gw-#---###---#000-0#ger-u
041 ## - CÓDIGO DE LENGUA
Código de lengua del texto/banda sonora o título independiente ger
044 ## - CÓDIGO DEL PAÍS DE LA ENTIDAD EDITORA/PRODUCTORA
Código MARC del país gw
084 ## - OTRO NÚMERO DE CLASIFICACIÓN
Número de clasificación 275
Número de documento/Ítem .S39
-- 1825
100 1# - ENTRADA PRINCIPAL--NOMBRE DE PERSONA
Nombre de persona Cervantes Saavedra, Miguel de
Fechas asociadas al nombre 1547-1616
9 (RLIN) 213
245 10 - MENCIÓN DE TÍTULO
Título Leben und Thaten des Sinnreichen Junkers Don Quijote von der Mancha
Mención de responsabilidad, etc. verfasst von Miguel de Cervantes Saavedra.
260 ## - PUBLICACIÓN, DISTRIBUCIÓN, ETC.
Lugar de publicación, distribución, etc. Zwickau
Nombre del editor, distribuidor, etc. Gebrüder Schumann
Fecha de publicación, distribución, etc. 1825
300 ## - DESCRIPCIÓN FÍSICA
Extensión 8 v. en 14 t.
Otras características físicas il.
Dimensiones 11 cm.
440 #0 - MENCIÓN DE SERIE/PUNTO DE ACCESO ADICIONAL--TÍTULO
Título Werke von Miguel de Cervantes Saavedra
Número de parte o sección de la obra 1-8
9 (RLIN) 7979
500 ## - NOTA GENERAL
Nota general Contenido : v 1. Primera parte. Prólogo del autor. Algunos versos preliminares. Nota del traductor. Texto. -- v 2. Texto. -- v 3. Texto. -- v 4. Segunda parte. Dedicatoria del autor. Prefacio del traductor. Texto. -- v 5. Texto. -- v 6. Texto
500 ## - NOTA GENERAL
Nota general Edición : Ubersetz von Heronymus Müller
500 ## - NOTA GENERAL
Nota general Traducción de Müller la cual, a pesar de ser bastante fiel al original, no tuvo la aceptación que se merecía. Edición adornada con un retrato de Cervantes y 8 láminas, copias de las de Coypel, grabadas en cobre. Semipiel; lomeras decoradas con dorados Lúdovik Osterc
500 ## - NOTA GENERAL
Nota general Existencias : Ejemplar incompleto sólo existen los volúmenes 1-6; falta el 7 y 8
500 ## - NOTA GENERAL
Nota general QM510
546 ## - NOTA DE LENGUA/LENGUAJE
Nota de lengua/lenguaje Texto en : alemán
650 14 - PUNTO DE ACCESO ADICIONAL DE MATERIA--TÉRMINO DE MATERIA
Término de materia o nombre geográfico como elemento de entrada Novela española
Subdivisión cronológica Época clásica, 1500-1700
9 (RLIN) 215
650 14 - PUNTO DE ACCESO ADICIONAL DE MATERIA--TÉRMINO DE MATERIA
Término de materia o nombre geográfico como elemento de entrada Literatura española
Subdivisión cronológica Época clásica, 1500-1700
9 (RLIN) 216
650 14 - PUNTO DE ACCESO ADICIONAL DE MATERIA--TÉRMINO DE MATERIA
Término de materia o nombre geográfico como elemento de entrada Novela española
Subdivisión cronológica Siglo XVII
9 (RLIN) 217
650 14 - PUNTO DE ACCESO ADICIONAL DE MATERIA--TÉRMINO DE MATERIA
Término de materia o nombre geográfico como elemento de entrada Don Quijote (Personaje ficticio)
Término indicativo de función/relación Novela
9 (RLIN) 218
740 0# - PUNTO DE ACCESO ADICIONAL--TÍTULO RELACIONADO O ANALÍTICO NO CONTROLADO
Título relacionado o analítico no controlado El Ingenioso Hidalgo Don Quijote de la Mancha
902 ## - CATALOGADOR
Iniciales QFM
942 ## - ELEMENTOS DE PUNTO DE ACCESO ADICIONAL (KOHA)
Fuente del sistema de clasificación o colocación Library of Congress Classification
Tipo de ítem Koha Libros
Holdings
Estado de retiro Estado de pérdida Estado dañado No para préstamo Localización permanente Ubicación/localización actual Fecha de adquisición Número de inventario Total de préstamos Signatura topográfica completa Código de barras Fecha visto por última vez Precio válido a partir de Tipo de ítem Koha
El ejemplar forma parte de la colección y puede ser consultado según las políticas vigentes.       Biblioteca del Museo Franz Mayer (Rogerio Casas-Alatriste) Biblioteca del Museo Franz Mayer (Rogerio Casas-Alatriste) 10/12/2008 QM510   275 .S39 1825 (QM510) 2851 22/03/2019 22/03/2019 Libros